000 00571nai a2200169Ia 4500
003 IN-BaIIA
008 211028c9999 xx s 000 0 eng d
022 _a0920-5632 (Online)
040 _cIIA Library
245 0 _aNuclear Physics B - Proceedings Supplements
_h[eJournal]
260 _aAmsterdam
_bNorth-Holland
310 _aMonthly
362 _a37(3); 1995 - 257; 2014
521 _bSubscribed through National Knowledge Resource Consortium (NKRC)
856 _uhttps://www.sciencedirect.com/science/journal/09205632
_yClick Here to Access eJournal
942 _cEJ
999 _c35437
_d35437